000 00916nas a2200289 4500
001 BR0904250
003 BR-BrBNA
005 20231205113325.0
007 ta
008 230509b bl.|||p| |||| 00| 00por d
040 _aBR-BrBNA
_bpor
_cBiblioteca Nacional de Agricultura
041 _a(Pt)
072 _aF50
100 1 _aAntunes, R.C.
100 1 _aRodriguez, N.M.
100 1 _aGonçalves, L.C.
100 1 _aRodrigues, J.A.S.
100 1 _aBorges, I.
100 1 _aBorges, A.L.C.C.
100 1 _aSaliba, E.O.S.
245 1 _aComposição bromatológica e parâmetros fisícos de grãos de sorgo com diferentes texturas do endosperma
650 _aSORGO
650 _aBROMATOLOGIA
773 0 _tArquivo Brasileiro de Medicina Veterinária e Zootecnia (Brazil)
_xISSN 0102-0935
_g(Oct 2007), v. 59(5) p. 1351-1354
_wBR0904250
909 _a202311
_bLúcia
_c55
_dLúcia Elande
942 _2AGRIS
_n0
_cANA
999 _c203135
_d203135